Origen y desempeño de los Comités de Desarrollo Municipal y los Consejos de Poder Ciudadano en Nicaragua /

Na minha lista:
Detalhes bibliográficos
Autor principal: Prado, Silvio
Formato: Texto
Tags: Adicionar Tag
Sem tags, seja o primeiro a adicionar uma tag!

MARC

LEADER 00000 a a2200000 04500
001 46834
003
040
100 |a Prado, Silvio  
245 |a Origen y desempeño de los Comités de Desarrollo Municipal y los Consejos de Poder Ciudadano en Nicaragua /  |c Silvio Prado  
773 |a volumen1, páginas 319-341 : tablas, gráficos  
999 |c 21363  |d 21363